000 15673cam a22025454i 4500
003 PE-LiUPU
005 20250813165421.0
008 020112s2012 mx a rb 00i 0 spa d
020 _a9681800699
_q(v. 1)
020 _a9681801288
_q(v. 2)
020 _a9681804716
_q(v. 3)
020 _a9789681800697
_q(v. 1)
020 _a9789681801281
_q(v. 2)
020 _a9789681804718
_q(v. 3)
035 _a(Sirsi) i9789681800697
040 _aUVMCP
_bspa
_cUVMCP
_dOCLCQ
_dPUJAV
_dOCLCQ
_dPE-LiUPU
_erda
049 _aPRUA
050 1 4 _aTA710
_bJ83
082 0 4 _a624.15136
_bJ81 2016
_221
100 1 _aJuárez Badillo, Eulalio,
_eautor.
245 1 0 _aMecánica de suelos /
_cEulalio Juárez Badillo, Alfonso Rico Rodríguez.
250 _aPrimera edición.
264 1 _aMéxico :
_bLimusa,
_c2016.
300 _a3 volúmenes :
_bilustraciones ;
_c23 centímetros
336 _atext
_2rdacontent
337 _aunmediated
_2rdamedia
338 _avolume
_2rdacarrier
504 _aIncluye bibliografía e índice.
505 0 _gVolumen 1.
_aFundamentos de la mecánica de suelos: Suelos: Origen y formación. Minerales constitutivos -- Físico-química de las arcillas -- Relaciones volumétricas y gravimétricas en los suelos -- Características y estructuración de las partículas minerales -- Granulometría en suelos -- Plasticidad -- Clasificación e identificación de suelos -- Fenómeno capilar y proceso de contracción -- Propiedades hidráulicas del suelo -- El fenónemo de la consolidación unidimensional de los suelos -- Introducción al problema de la resistencia al esfuerzo cortante de los suelos -- Resistencia al esfuerzo cortante de los suelos -- Comportamiento mecánico de los suelos en la prueba triaxial -- Compactación de los suelos.
505 0 _gVolumen 2.
_aTeoría y aplicación de la mecánica de suelos: Acción de la helada en los suelos -- Distribución de esfuerzos en la masa del suelo -- Análisis de asentamientos -- Presión de tierras sobre elementos de soporte -- Estabilidad de taludes -- Introducción al problema de la capacidad de carga en suelos -- Toerías de capacidad de carga en suelos -- Cimentaciones poco profundas -- Cimentaciones profundas -- Principios para el diseño de pavimentos en caminos y aeropistas -- Principios básicos para el diseño de presas de tierra -- Breve exposición sobre las condiciones de cimentación en el valle de México -- Tomo 3. Flujos de agua en suelos: Principios teóricos fundamentales -- Teoría de las redes de flujo -- Flujo de agua a través de presas de tierra -- Analogías y otros métodos aproximados para resolver problemas de lujo -- El métodos de relajación para resolver problemas de flujo -- Drenaje y subdrenaje en carreteras y aeropistas -- Pozos de bombeo -- Abatimiento del nivel freático en excavaciones.
505 0 _gVolumen 3.
_aFlujos de agua en suelos: Principios teóricos fundamentales -- Teoría de las redes de flujo -- Flujo de agua a través de presas de tierra -- Analogías y otros métodos aproximados para resolver problemas de lujo -- El métodos de relajación para resolver problemas de flujo -- Drenaje y subdrenaje en carreteras y aeropistas -- Pozos de bombeo -- Abatimiento del nivel freático en excavaciones.
526 _aP203
526 _aP200
526 _aSEG65
526 _aSEG64
526 _aSEG63
526 _aSEG62
526 _aSEG61
526 _aSEG60
526 _aSEG59
526 _aSEG58
526 _aSEG57
526 _aSEG56
526 _aSEG55
526 _aSEG54
526 _aSEG53
526 _aSEG52
526 _aSEG51
526 _aSEG50
526 _aSEG49
526 _aSEG48
526 _aSEG47
526 _aSEG46
526 _aSEG24
526 _aSEG23
526 _aSEG22
526 _aSEG21
526 _aSEG20
526 _aSEG19
526 _aSEG18
526 _aSEG17
526 _aSEG16
526 _aSEG14
526 _aSEG13
526 _aSEG12
526 _aSEG11
526 _aSEG10
526 _aSEG09
526 _aSEG06
526 _aSEG05
526 _aSEG04
526 _aSEG03
526 _aSEG02
526 _aSEG68
526 _aSEG66
526 _aSEG45
526 _aSEG25
526 _aSEG01
526 _aP163
526 _aP162
526 _aP161
526 _aP160
526 _aP159
526 _aP158
526 _aP157
526 _aP156
526 _aP155
526 _aP154
526 _aP153
526 _aP152
526 _aP151
526 _aP150
526 _aP149
526 _aP142
526 _aP141
526 _aP140
526 _aP139
526 _aP138
526 _aP137
526 _aP132
526 _aP131
526 _aP130
526 _aP126
526 _aP125
526 _aP124
526 _aP123
526 _aP115
526 _aP122
526 _aP121
526 _aP116
526 _a P114
526 _aP112
526 _aP111
526 _aP104
526 _aP103
526 _aP102
526 _aP101
526 _aP100
526 _aP96
526 _aP95
526 _aP93
526 _aP92
526 _aP91
526 _aP88
526 _aP83
526 _aP82
526 _aP79
526 _aP78
526 _aP75
526 _aP74
526 _aP71
526 _aP69
526 _a P51
526 _aP49
526 _aP48
526 _aP47
526 _aP33
526 _aP31
526 _a P30
526 _aP29
526 _aP27
526 _aP26
526 _aP25
526 _aP24
526 _a P22
526 _aP10
526 _aP09
526 _a P08
526 _aP06
526 _aP05
526 _aP04
526 _aP01
541 _g020-0002807;
541 _g020-0002807;
541 _g020-0002807;
650 0 4 _aMecánica de suelos.
_964
700 1 _aRico Rodríguez, Alfonso,
_eautor.
910 _armch
_btqv
_crmch
_d20170725
942 _2ddc
_cBOOK
949 _a624.15136 J81 T1 2016
_wDEWEY
_c1
_iFJ08201
_lCCODEBUJ1
_mBUJ
_p32.31
_r0
_sY
_tBOOK
_u2017-07-25
_xINGENIERIA
_PP25
_0COMPRA
_o.STAFF. Colección General Juliaca
949 _a624.15136 J81 T1 2016
_wDEWEY
_c2
_iFJ08202
_lCCODEBUJ1
_mBUJ
_p32.31
_r0
_sY
_tBOOK
_u2017-07-25
_xINGENIERIA
_PP25
_0COMPRA
_o.STAFF. Colección General Juliaca
949 _a624.15136 J81 T1 2015
_wDEWEY
_c2
_iFJ00413
_lCCODEBUJ1
_mBUJ
_p32.31
_r0
_sY
_tBOOK
_u2017-07-25
_xINGENIERIA
_PP25
_0COMPRA
_o.STAFF. Colección General Juliaca
949 _a624.15136 J81 T2 2016
_wDEWEY
_c1
_iFJ08203
_lCCODEBUJ1
_mBUJ
_p35.10
_r0
_sY
_tBOOK
_u2017-07-25
_xINGENIERIA
_PP25
_0COMPRA
_o.STAFF. Colección General Juliaca
949 _a624.15136 J81 T2 2016
_wDEWEY
_c2
_iFJ08204
_lCCODEBUJ1
_mBUJ
_p35.10
_r0
_sY
_tBOOK
_u2017-07-25
_xINGENIERIA
_PP25
_0COMPRA
_o.STAFF. Colección General Juliaca
949 _a624.15136 J81 T3 2016
_wDEWEY
_c1
_iFJ08205
_lCCODEBUJ1
_mBUJ
_p30.20
_r0
_sY
_tBOOK
_u2017-07-25
_xINGENIERIA
_PP25
_0COMPRA
_o.STAFF. Colección General Juliaca
949 _a624.15136 J81 T3 2016
_wDEWEY
_c2
_iFJ08206
_lCCODEBUJ1
_mBUJ
_p30.20
_r0
_sY
_tBOOK
_u2017-07-25
_xINGENIERIA
_PP25
_0COMPRA
_o.STAFF. Colección General Juliaca
949 _a624.15136 J81 T3 2016
_wDEWEY
_c3
_iFJ08207
_lCCODEBUJ1
_mBUJ
_p30.20
_r0
_sY
_tBOOK
_u2017-07-25
_xINGENIERIA
_PP25
_0COMPRA
_o.STAFF. Colección General Juliaca
949 _a624.15136 J81 T2
_wDEWEY
_c1
_iFJ00215
_lCCODEBUJ1
_mBUJ
_p40.00
_r0
_sY
_tBOOK
_u2017-07-25
_xINGENIERIA
_PP25
_0COMPRA
_o.STAFF. Colección General Juliaca
949 _a624.15136 J81 T2
_wDEWEY
_c2
_iFJ00216
_lCCODEBUJ1
_mBUJ
_p40.00
_r0
_sY
_tBOOK
_u2017-07-25
_xINGENIERIA
_PP25
_0COMPRA
_o.STAFF. Colección General Juliaca
949 _a624.15136 J81 T2
_wDEWEY
_c3
_iFJ00439
_lCCODEBUJ1
_mBUJ
_p40.00
_r0
_sY
_tBOOK
_u2017-07-25
_xINGENIERIA
_PP25
_0COMPRA
_o.STAFF. Colección General Juliaca
949 _a624.15136 J81 T2 2016
_wDEWEY
_c4
_iFJ01892
_lCCODEBUJ1
_mBUJ
_p40.00
_r0
_sY
_tBOOK
_u2017-07-25
_xINGENIERIA
_PP25
_0COMPRA
_o.STAFF. Colección General Juliaca
949 _a624.15136 J81 T2 2016
_wDEWEY
_c5
_iFJ01893
_lCCODEBUJ1
_mBUJ
_p40.00
_r0
_sY
_tBOOK
_u2017-07-25
_xINGENIERIA
_PP25
_0COMPRA
_o.STAFF. Colección General Juliaca
949 _a624.15136 J81 T3
_wDEWEY
_c1
_iFJ00212
_lCCODEBUJ1
_mBUJ
_p27.70
_r0
_sY
_tBOOK
_u2017-07-25
_xINGENIERIA
_PP25
_0COMPRA
_o.STAFF. Colección General Juliaca
949 _a624.15136 J81 T3
_wDEWEY
_c2
_iFJ00213
_lCCODEBUJ1
_mBUJ
_p27.70
_r0
_sY
_tBOOK
_u2017-07-25
_xINGENIERIA
_PP25
_0COMPRA
_o.STAFF. Colección General Juliaca
949 _a624.15136 J81 T3
_wDEWEY
_c3
_iFJ01630
_lCCODEBUJ1
_mBUJ
_p40.00
_r0
_sY
_tBOOK
_u2017-07-25
_xINGENIERIA
_PP25
_0COMPRA
_o.STAFF. Colección General Juliaca
994 _aC0
_bPEPRU
596 _a1 3
999 _a624.15136 J81 3
_wDEWEY
_c18975
_i67360
_d18975
_e2018-11-13
_f2021-11-9
_g7
_lCCODEBUL1
_mBUL
_n2
_p28.00
_q1
_r0
_sY
_tBOOK
_u2014-6-25
_xINGENIERIA
_PP25
_0COMPRA
_o.STAFF. Colección General
999 _a624.15136 J81 3
_wDEWEY
_c2
_i70074
_d2018-11-19
_e2018-11-15
_f2021-11-9
_g7
_lCCODEBUL1
_mBUL
_n3
_p25.00
_q2
_r0
_sY
_tBOOK
_u2014-6-25
_xINGENIERIA
_PP24
_0COMPRA
_o.STAFF. Colección General
999 _a624.15136 J81 3
_wDEWEY
_c3
_i71463
_d2018-4-18
_f2021-11-9
_g7
_lCCODEBUL1
_mBUL
_p25.00
_q2
_r0
_sY
_tBOOK
_u2015-5-22
_xINGENIERIA
_PP25
_0COMPRA
_o.STAFF. Colección General
999 _a624.15136 J81 3
_wDEWEY
_c4
_i71464
_d2018-6-25
_e2018-6-22
_f2021-11-9
_g7
_lCCODEBUL1
_mBUL
_n4
_p25.00
_r0
_sY
_tBOOK
_u2015-5-22
_xINGENIERIA
_PP25
_0COMPRA
_o.STAFF. Colección General
999 _a624.15136 J81 3
_wDEWEY
_c5
_i73050
_d2018-6-28
_f2021-11-9
_g7
_lCCODEBUL1
_mBUL
_p21.78
_q1
_r0
_sY
_tBOOK
_u2016-5-12
_xINGENIERIA
_PP25
_0COMPRA
_o.STAFF. Colección General
999 _a624.15136 J81 3
_wDEWEY
_c6
_i73051
_d2019-4-29
_e2017-10-16
_f2021-11-9
_g7
_lCCODEBUL1
_mBUL
_n1
_p21.78
_q2
_r0
_sY
_tBOOK
_u2016-5-12
_xINGENIERIA
_PP25
_0COMPRA
_o.STAFF. Colección General
999 _a624.15136 J81 3
_wDEWEY
_c7
_i73052
_d2018-9-2
_e2018-8-28
_f2021-11-9
_g7
_lCCODEBUL1
_mBUL
_n2
_p21.78
_q3
_r0
_sY
_tBOOK
_u2016-5-12
_xINGENIERIA
_PP25
_0COMPRA
_o.STAFF. Colección General
999 _a624.15136 J81 2
_wDEWEY
_c1
_i71462
_d2018-10-5
_e2018-6-20
_f2021-11-9
_g7
_lCCODEBUL1
_mBUL
_n7
_p23.50
_q8
_r0
_sY
_tBOOK
_u2015-5-22
_xINGENIERIA
_PP25
_0COMPRA
_o.STAFF. Colección General
999 _a624.15136 J81 2
_wDEWEY
_c2
_i73053
_d2019-5-8
_e2019-3-29
_f2021-11-9
_g7
_lCCODEBUL1
_mBUL
_n4
_p25.20
_q8
_r0
_sY
_tBOOK
_u2016-5-12
_xINGENIERIA
_PP25
_0COMPRA
_o.STAFF. Colección General
999 _a624.15136 J81 2
_wDEWEY
_c3
_i73054
_d2018-9-13
_e2018-4-11
_f2021-11-9
_g7
_lCCODEBUL1
_mBUL
_n3
_p25.20
_q5
_r0
_sY
_tBOOK
_u2016-5-12
_xINGENIERIA
_PP25
_0COMPRA
_o.STAFF. Colección General
999 _a624.15136 J81 1
_wDEWEY
_c1
_i71460
_d2022-6-1
_e2022-5-29
_f2021-11-9
_g7
_lCCODEBUL1
_mBUL
_n30
_p19.90
_q9
_r0
_sY
_tBOOK
_u2015-5-22
_xINGENIERIA
_PP25
_0COMPRA
_o.STAFF. Colección General
999 _a624.15136 J81 1
_wDEWEY
_c2
_i71461
_d2019-8-11
_e2019-3-17
_f2021-11-9
_g7
_lCCODEBUL1
_mBUL
_n20
_p19.90
_q11
_r0
_sY
_tBOOK
_u2015-5-22
_xINGENIERIA
_PP25
_0COMPRA
_o.STAFF. Colección General
999 _a624.15136 J81 1
_wDEWEY
_c3
_i73055
_d2019-10-17
_e2019-10-16
_f2021-11-9
_g7
_lCCODEBUL1
_mBUL
_n8
_p25.23
_q13
_r0
_sY
_tBOOK
_u2016-5-12
_xINGENIERIA
_PP25
_0COMPRA
_o.STAFF. Colección General
999 _a624.15136 J81 1
_wDEWEY
_c4
_i73056
_d2018-11-19
_e2018-11-15
_f2021-11-9
_g7
_lCCODEBUL1
_mBUL
_n9
_p25.23
_q8
_r0
_sY
_tBOOK
_u2016-5-12
_xINGENIERIA
_PP25
_0COMPRA
_o.STAFF. Colección General
999 _a624.15136 J81 1
_wDEWEY
_c5
_i73057
_d2019-10-31
_e2019-4-14
_f2021-11-9
_g7
_lCCODEBUL1
_mBUL
_n3
_p25.23
_q4
_r0
_sY
_tBOOK
_u2016-5-12
_xINGENIERIA
_PP25
_0COMPRA
_o.STAFF. Colección General
999 _a624.15136 J81 T1 2015
_wDEWEY
_c1
_iFJ00413
_d2019-9-24
_e2019-9-18
_f2022-1-26
_g4
_lCCODEBUJ1
_mBUJ
_n21
_p32.50
_q26
_r0
_sY
_tBOOK
_u2016-6-14
_xINGENIERIA
_PP25
_0COMPRA
_o.STAFF. Colección General Juliaca
999 _a624.15136 J81 T2
_wDEWEY
_c1
_iFJ00214
_d2019-9-24
_e2018-4-26
_f2022-1-26
_g4
_lCCODEBUJ1
_mBUJ
_n4
_p24.21
_q9
_r0
_sY
_tBOOK
_u2015-9-4
_xINGENIERIA
_PP25
_0COMPRA
_o.STAFF. Colección General Juliaca
999 _a624.15136 J81 T2
_wDEWEY
_c2
_iFJ00215
_d2019-4-29
_e2019-4-8
_f2022-1-26
_g4
_lCCODEBUJ1
_mBUJ
_n6
_p24.21
_q12
_r0
_sY
_tBOOK
_u2015-9-4
_xINGENIERIA
_PP25
_0COMPRA
_o.STAFF. Colección General
999 _a624.15136 J81 T2
_wDEWEY
_c3
_iFJ00439
_d2019-8-27
_e2019-3-18
_f2022-1-26
_g4
_lCCODEBUJ1
_mBUJ
_n3
_p40.00
_q9
_r0
_sY
_tBOOK
_u2016-6-15
_xINGENIERIA
_PP25
_0COMPRA
_o.STAFF. Colección General Juliaca
999 _a624.15136 J81 T2
_wDEWEY
_c4
_iFJ01892
_d2019-5-13
_e2017-6-23
_f2022-1-26
_g4
_lCCODEBUJ1
_mBUJ
_n2
_p40.00
_q4
_r0
_sY
_tBOOK
_u2016-9-7
_xINGENIERIA
_PP25
_0COMPRA
_o.STAFF. Colección General Juliaca
999 _a624.15136 J81 T2
_wDEWEY
_c5
_iFJ01893
_d2019-4-24
_e2019-4-17
_f2022-1-26
_g4
_lCCODEBUJ1
_mBUJ
_n4
_p40.00
_q4
_r0
_sY
_tBOOK
_u2016-9-7
_xINGENIERIA
_PP25
_0COMPRA
_o.STAFF. Colección General Juliaca
999 _a624.15136 J81 T3
_wDEWEY
_c1
_iFJ00212
_d2019-6-4
_e2019-5-30
_f2022-1-26
_g4
_lCCODEBUJ1
_mBUJ
_n3
_p22.70
_q4
_r0
_sY
_tBOOK
_u2016-9-7
_xINGENIERIA
_PP25
_0COMPRA
_o.STAFF. Colección General Juliaca
999 _a624.15136 J81 T3
_wDEWEY
_c2
_iFJ00213
_d2019-5-31
_e2017-4-20
_f2022-1-26
_g4
_lCCODEBUJ1
_mBUJ
_n1
_p22.70
_q2
_r0
_sY
_tBOOK
_u2016-9-7
_xINGENIERIA
_PP25
_0COMPRA
_o.STAFF. Colección General Juliaca
999 _a624.15136 J81 T3
_wDEWEY
_c3
_iFJ01630
_d2019-9-16
_e2018-11-13
_f2022-1-26
_g4
_lCCODEBUJ1
_mBUJ
_n1
_p25.00
_q3
_r0
_sY
_tBOOK
_u2016-8-29
_xINGENIERIA
_PP25
_0COMPRA
_o.STAFF. Colección General Juliaca
999 _a624.15136 J81 T3
_wDEWEY
_c4
_iFJ01725
_d2019-8-28
_e2019-6-3
_f2022-1-26
_g3
_lCCODEBUJ1
_mBUJ
_n2
_p22.70
_q4
_r0
_sY
_tBOOK
_u2016-9-2
_xINGENIERIA
_PP25
_0COMPRA
_o.STAFF. Colección General Juliaca
999 _a624.15136 J81 T3
_wDEWEY
_c5
_iFJ01894
_d2019-4-1
_f2022-1-26
_g4
_lCCODEBUJ1
_mBUJ
_p22.70
_q4
_r0
_sY
_tBOOK
_u2016-9-7
_xINGENIERIA
_PP25
_0COMPRA
_o.STAFF. Colección General Juliaca
999 _a624.15136 J81 T1 2016
_wDEWEY
_c1
_iFJ08201
_d2019-10-25
_e2019-10-23
_f2022-1-26
_g4
_lCCODEBUJ1
_mBUJ
_n30
_p32.31
_q26
_r0
_sY
_tBOOK
_u2017-7-25
_xINGENIERIA
_PP25
_0COMPRA
_o.STAFF. Colección General Juliaca
999 _a624.15136 J81 T1 2016
_wDEWEY
_c2
_iFJ08202
_d2019-9-24
_e2019-9-19
_f2022-1-26
_g4
_lCCODEBUJ1
_mBUJ
_n31
_p32.31
_q31
_r0
_sY
_tBOOK
_u2017-7-25
_xINGENIERIA
_PP25
_0COMPRA
_o.STAFF. Colección General Juliaca
999 _a624.15136 J81 T2 2016
_wDEWEY
_c1
_iFJ08203
_d2019-10-25
_e2018-11-13
_f2022-1-26
_g4
_lCCODEBUJ1
_mBUJ
_n5
_p35.10
_q15
_r0
_sY
_tBOOK
_u2017-7-25
_xINGENIERIA
_PP25
_0COMPRA
_o.STAFF. Colección General Juliaca
999 _a624.15136 J81 T2 2016
_wDEWEY
_c2
_iFJ08204
_d2019-9-6
_e2019-9-4
_f2022-1-26
_g4
_lCCODEBUJ1
_mBUJ
_n3
_p35.10
_q8
_r0
_sY
_tBOOK
_u2017-7-25
_xINGENIERIA
_PP25
_0COMPRA
_o.STAFF. Colección General Juliaca
999 _a624.15136 J81 T3 2016
_wDEWEY
_c1
_iFJ08205
_d2019-10-25
_f2022-1-26
_g4
_lCCODEBUJ1
_mBUJ
_p30.20
_q4
_r0
_sY
_tBOOK
_u2017-7-25
_xINGENIERIA
_PP25
_0COMPRA
_o.STAFF. Colección General Juliaca
999 _a624.15136 J81 T3 2016
_wDEWEY
_c2
_iFJ08206
_d2018-11-12
_e2018-9-17
_f2022-1-26
_g3
_lCCODEBUJ1
_mBUJ
_n3
_p30.20
_q5
_r0
_sY
_tBOOK
_u2017-7-25
_xINGENIERIA
_PP25
_0COMPRA
_o.STAFF. Colección General Juliaca
999 _a624.15136 J81 T3 2016
_wDEWEY
_c3
_iFJ08207
_d2019-8-22
_f2022-1-26
_g4
_lCCODEBUJ1
_mBUJ
_p30.20
_q3
_r0
_sY
_tBOOK
_u2017-7-25
_xINGENIERIA
_PP25
_0COMPRA
_o.STAFF. Colección General Juliaca
980 _81
_gALBERTO SANCHEZ Responsable de Automatización